Central Library OPAC University of Rajshahi

The Second World War / (Record no. 26927)

MARC details
000 -LEADER
fixed length control field 01250cam a2200337I 4500
001 - CONTROL NUMBER
control field 26927
003 - CONTROL NUMBER IDENTIFIER
rucl marc code BD-RjUL
005 - DATE AND TIME OF LATEST TRANSACTION
control field 20211209051104.0
008 - FIXED-LENGTH DATA ELEMENTS--GENERAL INFORMATION
fixed length control field 140324s1952 enkab 00100 engm
035 ## - SYSTEM CONTROL NUMBER
System control number (BD-RjUL)26998
040 ## - CATALOGING SOURCE
Original cataloging agency DLC
Transcribing agency CXP
Modifying agency OCL
-- m.c.
-- BOS
-- BD-RjUL
Language of cataloging eng
041 ## - LANGUAGE CODE
Language code of text/sound track or separate title eng
082 ## - DEWEY DECIMAL CLASSIFICATION NUMBER
Classification number 940.5
Author mark and year CHS V-5 1952
090 ## - LOCALLY ASSIGNED LC-TYPE CALL NUMBER (OCLC); LOCAL CALL NUMBER (OCLC)
Classification number (OCLC) (R) ; Classification number, CALL (RLIN) (NR) D743
Local cutter number (OCLC) ; Book number/undivided call number, CALL (RLIN) .F48
100 10 - MAIN ENTRY--PERSONAL NAME
Personal name Churchill, Winston,
Dates associated with a name 1874-1965.
9 (RLIN) 51096
245 14 - TITLE STATEMENT
Title The Second World War /
Statement of responsibility, etc. by Winston Churchill.
Number of part/section of a work Volume V :
Name of part/section of a work Closing The Ring
260 ## - PUBLICATION, DISTRIBUTION, ETC. (IMPRINT)
Place of publication, distribution, etc. London ;
-- Sydney :
Name of publisher, distributor, etc. Cassell,
Date of publication, distribution, etc. 1952.
300 ## - PHYSICAL DESCRIPTION
Pagination xviii, 673 p. :
Illustrations maps (some col.), facsim., tables., diagrs. ;
Size 22 cm.
500 ## - GENERAL NOTE
General note Published in association with The Cooperation Publishing Company, Inc.
504 ## - BIBLIOGRAPHY, ETC. NOTE
Bibliography, etc Includes index.
505 0# - FORMATTED CONTENTS NOTE
Formatted contents note 1. The gathering storm.--2. Their finest hour.--3. The Grand Alliance.--4. The hinge of fate.--5. Closing the ring.--6. Triumph and tragedy.
650 #0 - SUBJECT ADDED ENTRY--TOPICAL TERM
Topical term or geographic name as entry element World War, 1939-1945.
9 (RLIN) 82758
Topical term or geographic name as entry element World War, 1939-1945
Geographic subdivision Great Britain.
9 (RLIN) 82759
942 ## - ADDED ENTRY ELEMENTS (KOHA)
Source of classification or shelving scheme Dewey Decimal Classification
Koha item type Books
Holdings
Lost status Source of classification or shelving scheme Damaged status Not for loan Collection code Permanent Location Current Location Shelving location Date acquired Source of acquisition Cost, normal purchase price Total Checkouts Full call number Date last seen Copy number Koha item type
  Dewey Decimal Classification     Non-fiction Central Library, University of Rajshahi Central Library, University of Rajshahi   15/02/1955 W. B. C. 18.12   940.5 CHS V-5 1952 24/03/2014 C-5 Books